Music Quiz

Random Music or Song Quiz

Song by Two-Word Hint Quiz Stats

 Plays Quiz Updated Aug 16, 2017

Also try: I'm Going Solo!
Challenge
Share
Tweet
Embed
Score 0/20 Timer 05:00
2 Plays Today
Hint Answer % Correct
Chevy, Levee American Pie (Don McLean)
87.7%
Scaramouche, Fandango Bohemian Rhapsody (Queen)
83%
Kilimanjaro, Serengeti Africa (Toto)
71.2%
Dime, Jukebox I Love Rock 'n' Roll (Arrows, Joan Jett)
66.2%
Shake, Polaroid Hey Ya! (OutKast)
63.5%
Highway, Colitas Hotel California (The Eagles)
60.6%
Challenge, RivalEye of the Tiger (Survivor)
59.8%
Giving, Excitations Good Vibrations (The Beach Boys)
56.6%
Tommy, Gina Livin' on a Prayer (Bon Jovi)
51.7%
Becky, Butt Baby Got Back (Sir Mix-a-Lot)
51.1%
Hint Answer % Correct
Words, Wisdom Let It Be (The Beatles)
49.9%
Davy, Navy Piano Man (Billy Joel)
44.8%
Mosquito, Libido Smells Like Teen Spirit (Nirvana)
37.8%
Corner, Spotlight Losing My Religion (R.E.M.)
37.2%
Bustle, Hedgerow Stairway to Heaven (Led Zeppelin)
33.6%
Flames, Higher Ring of Fire (Johnny Cash)
26.6%
Cadillacs, Dreams Royals (Lorde)
23%
Winding, Blinding Wonderwall (Oasis)
21.2%
Penthouse, Plough Goodbye Yellow Brick Road (Elton John)
11.7%
Border, Visas Paper Planes (M.I.A.)
8.5%

You're not logged in!

Compare scores with friends on all Sporcle quizzes.
OR
Log In

You Might Also Like...

Show Comments

Extras

Top Quizzes Today


Score Distribution

Your Account Isn't Verified!

In order to create a playlist on Sporcle, you need to verify the email address you used during registration. Go to your Sporcle Settings to finish the process.

Report this User

Report this user for behavior that violates our Community Guidelines.

Details: